MDQL
is popping MORE tags! Check the
thread
!
Quizzes
Events
Quiz Creation
Community
Videos
Private Events
Remove Ads
Sign In
Join for FREE
Feedback
Dark Mode
Quiz Categories
Sports
Geography
Music
Movies
Television
Just For Fun
Miscellaneous
History
Literature
Language
Science
Gaming
Entertainment
Religion
Holiday
For Kids
Quiz Lab
Recent
Popular Today
Quiz Kudos Today
Editor Picks
Curator Picks
Quizzes by...
Day
Popularity
Type
Ratings
Length
Year
Community
Subscriptions
Recent Discussions
Orange Saloon
Badges
Playlists
Quests
Create
Leaderboards
Showdown
Live 5
Trivia Bingo
Activity
Puzzle Library
Sporcle Events
Private Events
Virtual Trivia
Globe League
Become a Host
Pub Owners
SporcleCon
Opinionation
Our Games
Videos
Blog
Mobile Apps
Partnerships
Remove Ads and Go Orange
Feedback
Sports
Athletes
MLB
NBA
NHL
NFL
Soccer
Sports Teams
WWE
NCAA
Football
Premier League
Basketball
Baseball
Hockey
Golf
Tennis
Cricket
Rugby
Auto Racing
Olympics
World Cup
Sports
Athletes
MLB
NBA
NHL
NFL
Soccer
Sports Teams
WWE
NCAA
Football
Premier League
Basketball
Baseball
Hockey
Golf
Tennis
Cricket
Rugby
Auto Racing
Olympics
World Cup
Random Quiz
Search Sporcle
×
Quiz Lab
Quiz Lab
Sports
NFL
Type answers based on single images at one time
Type answers based on single images at one time
Slideshow
Best Score? Go Orange.
NFL Next Man Up Wide Receivers 2016 Stats
Can you name the NFL Wide Receivers who are lower on their teams' depth chart in 2016?
By
ToBeNamedLater
7m
32 Questions
124 Plays
124 Plays
124 Plays
Comments
Comments
Give Quiz Kudos
Give Quiz Kudos
-
- Ratings
hide this ad
Replay
Link that replays current quiz
Next Quiz
Link to next quiz in quiz playlist
You Got
0%
They Got
Avg Score
53%
Avg Friend Score
Upgrade to see
Score Distribution
Jump to the score distribution portion of the page
Score
0/32
Timer
07:00
0
Plays Today
% Correct
Cordarrelle Patterson
96.8%
Chris Hogan
94.4%
Terrance Williams
91.1%
Darrius Heyward-Bey
77.4%
Devante Parker
69.4%
Ty Montgomery
64.5%
Michael Thomas
64.5%
Marqise Lee
62.1%
Breshad Perriman
61.3%
J.J. Nelson
61.3%
Devin Funchess
61.3%
Phillip Dorsett
60.5%
Jaelen Strong
59.7%
Brian Quick
58.1%
Josh Huff
56.5%
Dwayne Harris
55.6%
% Correct
Tyler Boyd
53.2%
Cameron Meredith
51.6%
Dontrelle Inman
51.6%
Paul Richardson
50%
Jeremy Kerley
50%
Eric Weems
46.8%
Andrew Hawkins
46%
Andre Holmes
39.5%
Jordan Norwood
39.5%
Justin Hunter
32.3%
Andre Roberts
32.3%
Robby Anderson
29%
Russell Shepard
28.2%
Ryan Grant
28.2%
Chris Conley
26.6%
Harry Douglas
25%
Quiz Playlist
Details
Report
Send in Message
Add To Playlist
Slideshow:
Type answers based on single images at one time
Last Updated: Feb 16, 2017
Quiz Scoreboard
CHALLENGE
Sign Up to Join the Scoreboard
Show All
Scores
Hide
Comments
May contain spoilers
Recently Published
Colored Red Africa Blitz
by spor1
Geography
30s
Find the 'City' Movie
by crazypaving
Movies
60s
5x2 Blitz: Bands
by SL_Kpop136
Music
30s
More to Explore
Quiz From the Vault
Featured Blog Post
14 Easter Pick-up Lines to Find Eggs With
hide this ad
You Might Also Like...
Tags
NFL Quiz
2016
chart
depth
Man
Next
Receiver
team
Wide
Today's Top Quizzes in Sports
Browse Sports
hide this ad
Today's Top Quizzes in NFL
Browse NFL
Top Contributed Quizzes in Sports
1
Les meilleurs buteurs des matchs entre le PSG et l’OM
2
Les entraîneurs de l'OM et du PSG au 21e siècle
3
Les joueurs passés par le PSG et l'OM
4
2022 World Cup Stars
5
Players with Multiple 50 Home Run Seasons
6
Criteria MLB: Left Handed Sluggers
7
MLB Players with Two .350 Batting Average Seasons
8
Les joueurs passés par le LOSC et le RC Lens
9
NBA Logic Puzzle 2.0
10
Top 10 NHL Goal Scorers of All Time
Explore More
Trending Topics
Marvel
NBA
Kpop
Harry Potter
Disney
Anime
Crossword
Puzzle
WWE
The Office
Pokémon
NFL
Country
Soccer
Song
hide this ad
More By:
ToBeNamedLater
Quiz
Plays
Rating
Category
Featured
Created
'80s Song Pairs
38,140
4.61
Music
Nov 25, 2017
2016 NCAA Basketball Tournament Seeds
18,683
3.70
Sports
Mar 24, 2016
Order of Historical Deaths
5,983
3.36
History
Dec 7, 2014
2018 NCAA Basketball Tournament Seeds
2,147
5.00
Sports
Mar 24, 2018
2016 NFL Starting Quarterback Numbers
1,622
5.00
Sports
Sep 24, 2016
Go to Creator's Profile
Score Distribution
Quiz Creator Spotlight
ToBeNamedLater
Follow
Send a Message
Quizzes Created
-
Created Quiz Play Count
-
More By This Creator
Popular Quizzes Today
1
Colored Red Africa Blitz
2
Find the US States - No Outlines Minefield
3
Find the 'City' Movie
4
5x2 Blitz: Bands
5
The Countries of the World
6
Find the US States
7
Find the Countries of Europe - No Outlines Minefield
8
US States
More Sports Quizzes
NBA 75th Anniversary Team Players
Quiz Lab
Trending Quizzes
Colored Red Europe Blitz I
Colored Red Europe Blitz II
Colored Red Africa Blitz II
Colored Red Europe Blitz III
Colored Red Africa Blitz III
Recently Updated
How Do You Spell That?
pecheneg
Godzilla Movies
pecheneg
Grab Bag: 4-10 Letters
pecheneg
2024 March Madness Bracket
pecheneg
Famous TV Couples
Peacemaker
Champions League XIs: Real Madrid
pecheneg
Largest US Cities 1790-2010
pecheneg
Rides in Walt Disney World
pecheneg
Most Oscar Losses (Acting)
pecheneg
Beyoncé Albums
pecheneg
Trending Topics
Harry Potter
Kpop
Disney
Crossword
Marvel
NBA
Anime
Pokémon
NFL
WWE
Soccer
Song
The Office
Country
Puzzle
Your Account Isn't Verified!
In order to create a playlist on Sporcle, you need to verify the email address you used during registration. Go to your
Sporcle Settings
to finish the process.
Report this User
Report this user for behavior that violates our
Community Guidelines
.
Details:
Send Report
Go to the Sporcle.com Mobile Site →
Comments